|
|
|
|
| LEADER |
00000nam a2200000 a 4500 |
| 001 |
vtls010098386 |
| 003 |
SK-MaSNL |
| 005 |
20260301131301.0 |
| 008 |
180730s1991 xxu g h 001 0beng |
| 020 |
|
|
|a 0312086083
|q (brož.)
|
| 040 |
|
|
|a SNK
|b slo
|c SNK
|e AACR2
|
| 041 |
0 |
|
|a eng
|
| 043 |
|
|
|a e------
|
| 044 |
|
|
|a xxu
|c US
|
| 072 |
|
7 |
|a 32
|x Politika
|2 konspekt
|
| 080 |
|
|
|a 929
|2 2001
|
| 080 |
|
|
|a [339.923+327](4)
|2 2001
|
| 080 |
|
|
|a (048.8)
|2 2001
|
| 245 |
0 |
0 |
|a Jean Monnet: the path to European unity
|c edited by Douglas Brinkley and Clifford Hackett ; introduction by George W. Ball
|
| 250 |
|
|
|a 1st publ.
|
| 260 |
|
|
|a New York
|b St. Martin's Press
|c 1991
|
| 300 |
|
|
|a xxii, 226 s.
|c 23 cm
|
| 504 |
|
|
|a Obsahuje bibliogr. a reg.
|
| 600 |
1 |
7 |
|a Monnet, Jean,
|d 1888-1979
|2 SNKMA
|9 480312
|
| 650 |
0 |
7 |
|a európska integrácia
|x prednášky
|2 SNKPH
|9 480313
|
| 655 |
|
7 |
|a štúdie
|2 SNKPH
|9 57033
|
| 700 |
1 |
|
|a Brinkley, Douglas
|4 edt
|9 480314
|
| 700 |
1 |
|
|a Hackett, Clifford P.
|4 edt
|9 480315
|
| 700 |
1 |
|
|a Ball, George W.
|4 aui
|9 480316
|
| 919 |
|
|
|a 0-312-08608-3
|
| 999 |
|
|
|c 747461
|d 749391
|
| 952 |
|
|
|a SNK
|b SNK
|y VYP
|7 0
|p 17A0664691
|o snkIC 138811
|i snk2010/14017
|8 2
|g 54.00
|0 0
|1 0
|4 0
|d 2010-05-21
|l 0
|r 2026-02-23 23:20:50
|w 2026-02-23
|